00855nam a2200229Ia 4500003000900000008004100009040001600050080001500066111005700081245012800138260003300266300001500299490002300314650003500337650001500372650001600387700003600403710004500439942000700484999001500491952011900506IN-BaIIA211028s9999 xx 000 0 eng d cIIA Library a535.1bMER aAGARD Avionics Panel Meetingn6thcParisd196296744 0aLight and heat sensingbproceedings of sixth AGARD Avionics Panel Meeting, Paris, July, 1962cedited by Harrison J. Merrill aOxfordbPergamon Pressc1963 axii, 457p. aAGARDograph; v. 71 aElectronic instruments 96745 aHeat92417 aLight92428 aMerrill, Harrison J., ed.96746 aNorth Atlantic Treaty Organization96421 cBK c3800d3800 00104070aBANbBANcGENd1971-07-24g145.80l0o535.1/ MERp4242r2021-11-05v145.80w1971-07-24yBKGRs. 145.80